| 000 | 00421nam a2200145Ia 4500 | ||
|---|---|---|---|
| 008 | 151015s9999 xx 000 0 und d | ||
| 020 | _a9.781444106e+012 | ||
| 050 | _aP 121 .A394 2010 | ||
| 245 | _aAitchison Jean | ||
| 250 | _a_Aitchison's Linguistics Aitchison Jean | ||
| 300 | _aLondon Hodder Education 2010 | ||
| 500 | _aIncludes index | ||
| 650 | _a_Language and Society | ||
| 700 | _a^d20120113 02:30:43^oanne | ||
| 999 |
_c3152 _d3152 |
||